000 00617nam a22001817a 4500
005 20260317141918.0
008 260317b |||||||| |||| 00| 0 eng d
020 _a9781471407277
040 _cVITAP
082 _223rd Ed.
_a813.6 BLA
100 _aBlack, Holly
_917273
245 _aThe Cruel Prince
_c/ Holly Black
260 _aLondon
_bHot Key Books
_c2018
300 _a370p. : ill. ; 20cm
440 _aThe Folk of the Air Series
_917275
650 0 _aFairies -- Fiction; Sisters -- Fiction; Orphans -- Fiction; Princes -- Fiction; Courts and courtiers -- Fiction; Fantasy
_2
_917274
942 _2ddc
_cREF
999 _c47355
_d47355